Yoga:Hygiene Simplified (Record no. 354923)

MARC details
000 -LEADER
fixed length control field 003630000a22001690004500
005 - DATE AND TIME OF LATEST TRANSACTION
control field 20120302061809.0
040 ## - CATALOGING SOURCE
Original cataloging agency ENG
100 ## - MAIN ENTRY--PERSONAL NAME
Personal name Yogendra
245 ## - TITLE STATEMENT
Title Yoga:Hygiene Simplified
260 ## - PUBLICATION, DISTRIBUTION, ETC. (IMPRINT)
Place of publication, distribution, etc Mumbai:Yoga Institute,1972.
300 ## - PHYSICAL DESCRIPTION
Extent 155p.
490 ## - SERIES STATEMENT
Series statement Yoga Studies
650 ## - SUBJECT ADDED ENTRY--TOPICAL TERM
Topical term or geographic name as entry element Religion
650 ## - SUBJECT ADDED ENTRY--TOPICAL TERM
Topical term or geographic name as entry element Yoga
650 ## - SUBJECT ADDED ENTRY--TOPICAL TERM
Topical term or geographic name as entry element Hygine-yoga
942 ## - ADDED ENTRY ELEMENTS (KOHA)
Koha item type Book
Holdings
Withdrawn status Lost status Damaged status Not for loan Home library Current library Date acquired Total Checkouts Barcode Date last seen Price effective from
        Institute For Oriental Study, Thane Institute For Oriental Study, Thane 12/02/2009   IOS-13966 12/02/2009 12/02/2009